Кислотно-основной параметр поверхности твердого тела как критерий оценки пригодности вещества для изделий; VIII Международная конференция "Теория и практика адсорбционных процессов", к 95-летию акдемика М. М. Дубинина

Podrobná bibliografie
Parent link:VIII Международная конференция "Теория и практика адсорбционных процессов", к 95-летию акдемика М. М. Дубинина.— 1996.— С. 88
Korporativní autor: Томский государственный университет (ТГУ)
Další autoři: Иконникова Л. Ф. Любовь Федоровна, Минакова Т. С., Коротченко Н. М., Мальчик А. Г. Александра Геннадьевна, Егорова Л. А.
Shrnutí:В фонде НТБ ТПУ отсутствует
Jazyk:ruština
Vydáno: 1996
Témata:
Médium: MixedMaterials Kapitola
KOHA link:https://koha.lib.tpu.ru/cgi-bin/koha/opac-detail.pl?biblionumber=601911

MARC

LEADER 00000naa0a2200000 4500
001 601911
005 20250902163059.0
035 |a (RuTPU)RU\TPU\tpu\27088 
035 |a RU\TPU\tpu\27054 
090 |a 601911 
100 |a 20150413d1996 k y0rusy50 ca 
101 0 |a rus 
102 |a RU 
200 1 |a Кислотно-основной параметр поверхности твердого тела как критерий оценки пригодности вещества для изделий  |f Л. Ф. Иконникова [и др.] 
333 |a В фонде НТБ ТПУ отсутствует 
463 1 |t VIII Международная конференция "Теория и практика адсорбционных процессов", к 95-летию акдемика М. М. Дубинина  |o тезисы докладов  |v С. 88  |d 1996 
610 1 |a труды учёных ТПУ 
701 1 |a Иконникова  |b Л. Ф.  |c химик  |c доцент Томского политехнического университета, кандидат химических наук  |f 1953-  |g Любовь Федоровна  |3 (RuTPU)RU\TPU\pers\29008 
701 1 |a Минакова  |b Т. С. 
701 1 |a Коротченко  |b Н. М. 
701 1 |a Мальчик  |b А. Г.  |c специалист в области экологии и безопасности жизнедеятельности  |c доцент Юргинского технологического института Томского политехнического университета, кандидат технических наук  |f 1970-  |g Александра Геннадьевна  |3 (RuTPU)RU\TPU\pers\31293  |9 15471 
701 1 |a Егорова  |b Л. А. 
712 0 2 |a Томский государственный университет (ТГУ)  |3 (RuTPU)RU\TPU\col\397 
801 1 |a RU  |b 63413507  |c 20150206 
801 2 |a RU  |b 63413507  |c 20150729  |g RCR 
942 |c BK